| 000 | 00702nam a2200229Ia 4500 | ||
|---|---|---|---|
| 005 | 20241129110034.0 | ||
| 008 | 241129s9999||||xx |||||||||||||| ||und|| | ||
| 020 | _a978-93-5435-904-4 | ||
| 037 | _aTB | ||
| 040 |
_aARTS _beng _cARTS |
||
| 041 |
_aeng _2eng |
||
| 084 |
_aR34 P9 _qARTS |
||
| 100 |
_aRose David Edward Au. _9727000 |
||
| 245 | 0 |
_aFree will and continental philosophy: the death without meaning _cRose David Edward Au. |
|
| 260 |
_aNew Delhi, India _bNew Bloomsbury _c2023 |
||
| 300 | _a164p. | ||
| 365 |
_aINR _b499 |
||
| 490 | _aContinuum studies in continental philosophy | ||
| 650 |
_aPhilosophySkepticism _9727001 |
||
| 942 |
_cTB _hR34 P9 |
||
| 999 |
_c1227099 _d1227099 |
||